000 01101cam a22003377a 4500
003 CHAP
005 20220817041103.0
008 971013s1992 r 00010 d
010 _a6096
011 _a7068
035 _a6291
040 _cCHAP
082 _a021.65
_bD5
245 1 2 _aA Directory of selected information resources for development
260 _aOttawa :
_bIDRC,
_c1992
300 _a348 p.
500 _a60-239
590 _aBATCH-UPD
_b10
_c20130109
_lUCH01
_h2331
590 _aBATCH-UPD
_b10
_c20130110
_lUCH01
_h1253
590 _aBATCH-UPD
_b10
_c20130410
_lUCH01
_h0814
590 _aBATCH-UPD
_b10
_c20130914
_lUCH01
_h0108
590 _aBATCH-UPD
_b10
_c20130914
_lUCH01
_h2022
590 _aCONVERSION
_b10
_c20130109
_lUCH01
_h1304
650 1 4 _aAgricultura
_xServicios de información.
_91791
650 1 4 _aBosques
_xServicios de información.
_914385
650 1 4 _aServicios de información.
_9105330
710 0 _aCentro Internacional de Investigaciones para el Desarrollo.
901 _aBK
942 _cLIBRO
949 _a021.65 D5
_bBC
_cC
_d33724000480067
_eC
_h83501
_i6291
_si
999 _c6096
_d6096